000 00226 a2200097 4500
001 43027
100 _aGeary A
245 _aMathematics for technical students
260 _aNew York
_bLongman green
_c
090 _c26899
_d26899
942 _aNUST-CAE
_cM
_c18778
999 _c278100
_d278100